Peter, Paul or Mary Quiz Stats

Quiz Updated Apr 24, 2013

Challenge
Share
Tweet
Embed
Score 0/34 Timer 06:00
0 Plays Today
% Correct
McCartney
95.8%
Poppins
95.5%
Magdalene
94.9%
Olsen
93.6%
Blige
90.2%
Tyler Moore
88.8%
Shelley
88.6%
Newman
88.4%
Revere
88%
Hogan
82.7%
Frampton
81.3%
Retton
79.3%
Falk
78.8%
Jackson
77.2%
Simon
75.9%
Fonda
75.4%
Gauguin
74.5%
% Correct
Steenburgen
72%
Anka
71.7%
Sellers
70.6%
Reiser
69.5%
Pickford
67.1%
Rudd
66.3%
Giamatti
64.3%
Tork
64.2%
Boyle
63.7%
Harvey
58.5%
Graves
58.2%
Rubens
57.6%
Billingsley
52.5%
Lorre
48.8%
Frann
38.8%
Haggis
32.4%
Gross
27.6%

You're not logged in!

Compare scores with friends on all Sporcle quizzes.
Sign Up with Email
OR
Log In

You Might Also Like...

Show Comments

Extras

Top Quizzes Today


Score Distribution

Your Account Isn't Verified!

In order to create a playlist on Sporcle, you need to verify the email address you used during registration. Go to your Sporcle Settings to finish the process.